00567nam a2200157Ia 4500008004100000020001500041041001200056100001200068245005600080260003900136300000800175650001600183942000700199999001700206952018600223221030s9999 xx 000 0 und d a8131700690 aEnglish aR. Mall 0aReal - Time Systems : Theory & Practicecby R. Mall bPearson EducationaNew Delhic2007 a226 aBE Computer cBK c16577d16577 pBE 14648g395.00l0eGifted by Mr. K. L. Bhatr2024-06-13 00:00:00w2022-10-30yBK003Print4071aMIETLIBbMIETLIBcBL-Aacdemic Block B, FL-2, CUP-77, SH-4, R-4d2016-04-1610HBE